| 000 | 00514pab a2200169 454500 | ||
|---|---|---|---|
| 008 | 180718b1996 xxu||||| |||| 00| 0 eng d | ||
| 100 | _aMayer, Kenneth R. | ||
| 245 | _aBringing politics back in defense policy and the theoretical study of institutions and processes | ||
| 260 | _c1996 | ||
| 300 | _ap.180-90 | ||
| 362 | _aMar-Apr | ||
| 650 | _aUnited States - Military policy | ||
| 650 | _aPolitics and government | ||
| 700 | _aKhademian, Anne M. | ||
| 773 | _aPublic Administration Review | ||
| 909 | _a30961 | ||
| 999 |
_c30961 _d30961 |
||